| 000 | 00527nam a22001577a 4500 | ||
|---|---|---|---|
| 003 | 0 | ||
| 005 | 20231106141825.0 | ||
| 008 | 230313b xxu||||| |||| 00| 0 eng d | ||
| 050 |
_aHD 4903 _b.B37 2022 |
||
| 100 | _aNina N. Basilio | ||
| 245 |
_aEmotional distress and neuroticism of LGBTQIA+ who experienced workplace discrimination _cNina N. Basilio |
||
| 260 |
_aLas Pinas City _bSouthville International School and Colleges _cC2022 |
||
| 300 |
_aix,130pp. _c28cm. _fTheses |
||
| 500 | _aEmotional distress. | ||
| 942 |
_2lcc _cTH |
||
| 999 |
_c364937 _d364937 |
||